000 01286cac a2200349 a 4500
003 CO-BoRNBP
005 20241106151735.0
008 141031s2014 ck ck b|||| |||| 00| 0 spa d
020 _a13: 9789584223128
020 _aISBN 10: 9584223127
040 _aCO-BoRNBP
_bspa
_erda
_cCO-BoRNBP
082 0 4 _a366.1 B152m
_222
100 1 0 _aBaigent, Michael
_d1948-
_912354
_eautor
245 1 0 _aMasones y templarios
_c/ Michael Baigent, Richard Leigh ; traducción Gerardo di Masso
250 _a2a reimpresión
260 _aBogotá, Colombia
_b: Editorial Planeta Colombiana
_bMr. ediciones
_c, 2011
300 _a332 páginas
_bilustraciones en blanco y negro
_c24 cm.
336 _atexto
_btxt
_2rdacontent
337 _asin mediación
_bn
_2rdamedia
338 _avolumen
_bnc
_2rdacarrier
500 _aIncluye índice
504 _aIncluye Bibliografía al final del texto
534 _tThe temple and the lodge
650 1 4 _aMasonería
_2LEMB
_xHistoria
_912343
650 1 4 _aSociedades secretas
_2LEMB
_xHistoria
_912344
650 1 4 _aMisterios religiosos
_2LEMB
_912345
650 1 4 _aOrdenes religiosas
_2LEMB
_912355
650 1 4 _2LEMB
_aTemplarios
_xHistoria
_912347
700 1 _aLeigh, Richard,
_d1943-
_912356
700 1 _aMasso, Gerardo di
_etraductor
_912357
942 _2ddc
_cBK
999 _c1918
_d1918